FIFA World Cup 1978 Players II - Statistics

General Stats
  • This quiz has been taken 14 times
  • The average score is 108 of 278
Answer Stats
Hint Answer % Correct
Argentina, 7/1 Alberto Tarantini
100%
Brazil, 3(3)/1 Arthur Antunes Coimbra "ZICO"
100%
Italy, 7 Claudio Gentile
100%
Argentina, 7/1 Daniel Passarella
100%
West Germany, 4/2 Dieter Müller
100%
Italy, 7 Dino Zoff
100%
Poland, 6/2 Grzegorz Lato
100%
West Germany, 3(1)/1 Hansi Müller
100%
Netherlands, 5 Johan Neeskens
100%
Argentina, 7/6 Mario Kempes
100%
Argentina, 6 Osvaldo Ardiles
100%
West Germany, 6 Sepp Maier
100%
Peru, 6/5 Teofilo Cubillas
100%
Poland, 4(2)/2 Zbigniew Boniek
100%
West Germany, 3/1 Bernd Hölzenbein
88%
West Germany, 6 Berti Vogts
88%
Argentina, 5(1)/2 Daniel Bertoni
88%
France, 2(1) Didier Six
88%
Netherlands, 0(4)/1 Dirk Nanninga
88%
France, 2/1 Dominique Rocheteau
88%
Brazil, 7 Emerson LEAO
88%
Italy, 7 Gaetano Scirea
88%
Scotland, 3/1 Kenny Dalglish
88%
Argentina, 5/4 Leopoldo Luque
88%
Italy, 6 Marco Tardelli
88%
France, 3 Marius Tresor
88%
France, 2(1)/1 Michel Platini
88%
Netherlands, 7/5 Rob Rensenbrink
88%
Netherlands, 7 Ruud Krol
88%
Argentina, 7 Ubaldo Fillol
88%
Brazil, 6 Antonio Carlos Cerezo "TONINHO CEREZO"
75%
Netherlands, 6/2 Arie Haan
75%
Italy, 7/1 Franco Causio
75%
Italy, 5 Giancarlo Antognoni
75%
West Germany, 4/2 Heinz Flohe
75%
Mexico, 3 Hugo Sanchez
75%
Netherlands, 4(1) Jan Jongbloed
75%
Poland, 4 Jan Tomaszewski
75%
Netherlands, 6(1)/3 Johnny Rep
75%
West Germany, 5/3 Karl?Heinz Rummenigge
75%
France, 2 Maxime Bossis
75%
Italy, 7/3 Paolo Rossi
75%
West Germany, 6 Rainer Bonhof
75%
Netherlands, 7/1 Rene van de Kerkhof
75%
Italy, 7/2 Roberto Bettega
75%
Brazil, 1(2) Roberto Rivellino "RIVELINO"
75%
Netherlands, 7/1 Willy van de Kerkhof
75%
Scotland, 3 Allan Rough
63%
Argentina, 7 Americo Gallego
63%
Poland, 5/1 Andrzej Szarmach
63%
Italy, 7 Antonio Cabrini
63%
Scotland, 2(1)/2 Archie Gemmill
63%
Scotland, 2 Bruce Rioch
63%
Austria, 6 Bruno Pezzey
63%
Brazil, 6(1)/3 DIRCEU Jose Guimaraes
63%
Austria, 6/4 Hans Krankl
63%
Austria, 6 Herbert Prohaska
63%
Scotland, 3/1 Joe Jordan
63%
Poland, 6/1 Kazimierz Deyna
63%
West Germany, 6 Manfred Kaltz
63%
France, 1 Patrice Rio
63%
Sweden, 1(2) Ralf Edström
63%
Peru, 6 Ramon Quiroga
63%
Argentina, 3(3)/1 Rene Houseman
63%
Argentina, 0(2) Ricardo Villa
63%
Scotland, 1 Willie Johnston
63%
Netherlands, 3(1) Wim Suurbier
63%
West Germany, 5 Bernard Dietz
50%
Poland, 4 Bohdan Masztaler
50%
Brazil, 5/3 Carlos Roberto de Oliveira "ROBERTO DINAMITE"
50%
France, 2/1 Christian Lopez
50%
Scotland, 1 Don Masson
50%
Mexico, 1 Enrique Lopez Zarza
50%
West Germany, 3(1) Erich Beer
50%
Italy, 0(3) Francesco Graziani
50%
Austria, 6 Friedl Koncilia
50%
Scotland, 1 Graeme Souness
50%
Netherlands, 6 Jan Poortvliet
50%
Poland, 5 Jerzy Gorgon
50%
Brazil, 7 Jose OSCAR Bernardi
50%
West Germany, 4(1) Klaus Fischer
50%
Austria, 4 Kurt Jara
50%
Scotland, 1(1) Lou Macari
50%
Scotland, 3 Martin Buchan
50%
France, 1 Patrick Battiston
50%
Austria, 6 Robert Sara
50%
West Germany, 6 Rolf Rüssmann
50%
Sweden, 3 Ronnie Hellström
50%
Scotland, 1 Sandy Jardine
50%
Netherlands, 7 Wim Jansen
50%
Poland, 6 Wladyslaw Zmuda
50%
Hungary, 0(1)/1 Andras Toth
38%
Poland, 1(1) Andrzej Iwan
38%
Italy, 2(3) Antonello Cuccureddu
38%
Mexico, 3/1 Arturo Vazquez Ayala
38%
France, 2/1 Bernard Lacombe
38%
France, 2 Dominique Bathenay
38%
France, 1 Dominique Dropsy
38%
Brazil, 2(1) Edino Nazareth Filho "EDINHO"
38%
Netherlands, 4/2 Ernie Brandts
38%
France, 2 Gerard Janvion
38%
Austria, 4 Gerhard Breitenberger
38%
Brazil, 6(1) Gilberto Alves "GIL"
38%
Peru, 5 Guillermo La Rosa
38%
Peru, 6 Hector Chumpitaz
38%
France, 2 Henri Michel
38%
Poland, 4(2) Henryk Kasperczak
38%
Argentina, 7 Jorge Olguin
38%
Spain, 1(1) Jose Martinez Sanchez "PIRRI"
38%
Mexico, 2 Jose Pilar Reyes
38%
Hungary, 3 Jozsef Toth
38%
Peru, 6 Juan Carlos Oblitas
38%
Spain, 2 Juan Gomez Gonzalez "JUANITO"
38%
Peru, 6 Juan Jose Munante
38%
Spain, 3/1 Juan Manuel ASENSI Ripoll
38%
Hungary, 3 Laszlo Nagy
38%
Argentina, 7 Luis Galvan
38%
Brazil, 3(1)/2 Manoel Rezende de Mattos Cabral "NELINHO"
38%
Spain, 3 MIGUEL ANGEL Gonzalez Suarez
38%
Argentina, 0(3) Norberto Alonso
38%
Argentina, 1(1) Omar Larrosa
38%
Argentina, 4(2) Oscar Ortiz
38%
Peru, 0(3) Percy Rojas
38%
Hungary, 1 Peter Török
38%
Italy, 2(3)/1 Renato Zaccarelli
38%
Peru, 1 Roberto Rojas
38%
Italy, 6/1 Romeo Benetti
38%
Sweden, 3 Roy Andersson
38%
Hungary, 3/1 Sandor Zombori
38%
Hungary, 2 Tibor Nyilasi
38%
Scotland, 2 Willie Donachie
38%
Netherlands, 3 Wim Rijsbergen
38%
Poland, 2(3) Wlodzimierz Lubanski
38%
Poland, 1 Wojciech Rudy
38%
Poland, 5 Adam Nawalka
25%
Peru, 2 Alfredo Quesada
25%
Iran, 3 Ali Parvin
25%
Sweden, 2(1) Anders Linderoth
25%
Iran, 2 Andranik Eskandarian
25%
Mexico, 3 Antonio de la Torre
25%
Brazil, 6 Antonio Dias dos Santos "TONINHO"
25%
Spain, 0(1) Antonio GUZMAN Nunez
25%
Spain, 2 Antonio OLMO Ramirez
25%
Poland, 6 Antoni Szymanowski
25%
Scotland, 3 Asa Hartford
25%
Sweden, 2(1) Benny Wendt
25%
Sweden, 3 Bo Larsson
25%
Spain, 2 Carlos Alonso Gonzalez "SANTILLANA"
25%
Peru, 6/1 Cesar Cueto
25%
France, 1 Christian Dalger
25%
France, 1 Claude Papi
25%
Italy, 0(2) Claudio Sala
25%
Sweden, 0(1) Conny Torstensson
25%
Spain, 1/1 Daniel Ruiz?Bazan Justa "DANI"
25%
France, 0(1) Dominique Baratelli
25%
Austria, 5 Edi Krieger
25%
Mexico, 2 Eduardo Ramos
25%
Austria, 6/1 Erich Obermayer
25%
Hungary, 1 Ferenc Meszaros
25%
France, 1 Francois Bracci
25%
Hungary, 2(1) Gyözö Martos
25%
Iran, 1(2)/1 Hassan Rowshan
25%
Peru, 0(4) Hugo Sotil
25%
Spain, 3 Isidoro SAN JOSE
25%
Hungary, 2 Istvan Kocsis
25%
Peru, 6 Jaime Duarte
25%
France, 1 Jean?Marc Guillou
25%
France, 2 Jean?Paul Bertrand?Demanes
25%
France, 1 Jean Petit
25%
Mexico, 2 Jesus Martinez
25%
Brazil, 7 Joao BATISTA da Silva
25%
Brazil, 7 Joao Justino AMARAL dos Santos
25%
Scotland, 0(1) Joe Harper
25%
Scotland, 1 John Robertson
25%
Austria, 6 Josef Hickersberger
25%
Brazil, 2(1)/1 Jose REINALDO de Lima
25%
Brazil, 4 Jose RODRIGUES NETO
25%
Argentina, 4 Jose Valencia
25%
Peru, 5/1 Jose Velasquez
25%
Spain, 3 Julio CARDENOSA Rodriguez
25%
Hungary, 2(1)/1 Karoly Csapo
25%
Scotland, 2 Kenny Burns
25%
Hungary, 1 Laszlo Fazekas
25%
Hungary, 2 Laszlo Pusztai
25%
Sweden, 3 Lennart Larsson
25%
Mexico, 3 Leonardo Cuellar
25%
France, 1(1)/1 Marc Berdoll
25%
Italy, 5 Mauro Bellugi
25%
Spain, 2 Miguel Bernardo Bianquetti "MIGUELI"
25%
Argentina, 0(1) Miguel Oviedo
25%
Tunisia, 3 Mohammed Ben Rehaien "AGREBI"
25%
Tunisia, 3 Mokhtar Naili
25%
Italy, 1 Patrizio Sala
25%
Mexico, 1 Raul Isiordia
25%
Peru, 6 Rodolfo Manzo
25%
Spain, 1 RUBEN Andres CANO Martinez
25%
Hungary, 2 Sandor Gujdar
25%
Hungary, 3 Sandor Pinter
25%
Sweden, 2 Staffan Tapper
25%
Scotland, 2 Stuart Kennedy
25%
Sweden, 3/1 Thomas Sjöberg
25%
Scotland, 2(1) Tom Forsyth
25%
Sweden, 1 Torbjörn Nilsson
25%
Peru, 4 Toribio Diaz
25%
Austria, 3/1 Walter Schachner
25%
Poland, 0(1) Wlodzimierz Mazur
25%
Hungary, 3 Zoltan Kereki
25%
Tunisia, 1(1) Abderraouf Ben Aziza
13%
Netherlands, 0(2) Adri van Kraaij
13%
Italy, 1 Aldo Maldera
13%
Mexico, 2 Alfredo Tena
13%
Tunisia, 3/1 Ali Kaabi
13%
Tunisia, 3 Amor Jebali
13%
Hungary, 2 Andras Töröcsik
13%
Spain, 1(1) Antonio BIOSCA Perez
13%
Iran, 0(1) Behtash Fariba
13%
Sweden, 3 Björn Nordqvist
13%
Spain, 1 Carles REXACH Cerda
13%
Mexico, 1 Carlos Gomez
13%
Mexico, 1 Cristobal Ortega
13%
Netherlands, 0(1) Dick Schoenaker
13%
Iran, 3 Ebrahim Ghasempour
13%
Spain, 0(1) Enrique Castro Gonzalez "QUINI"
13%
Spain, 2(1) Eugenio LEAL Vargas
13%
Spain, 2 Francisco Javier Alvarez URIA
13%
Brazil, 1(2) Francisco Jezuino Avanzi "CHICAO"
13%
Peru, 0(1) German Leguia
13%
Iran, 2(1) Ghafour Jahani
13%
Mexico, 2(1) Guillermo Mendizabal
13%
Austria, 0(2) Hans Pirkner
13%
West Germany, 0(1) Harald Konopka
13%
Iran, 1(1) Hassan Nayebagha
13%
Iran, 3 Hassan Nazari
13%
Sweden, 3 Hasse Borg
13%
Austria, 2 Heinrich Strasser
13%
Poland, 5(1) Henryk Maculewicz
13%
West Germany, 2 Herbert Zimmermann
13%
Austria, 0(3) Heribert Weber
13%
Iran, 3 Hossein Faraki
13%
Iran, 3 Hossein Kazerani
13%
Mexico, 1 Ignacio Flores
13%
Sweden, 3 Ingemar Erlandsson
13%
Iran, 2/1 Iraj Danaeifard
13%
Hungary, 0(1) Istvan Halasz
13%
Netherlands, 0(1) Jan Boskamp
13%
Iran, 1 Javad Allahverdi
13%
Spain, 1 Jesus Antonio DE LA CRUZ Gallego
13%
Brazil, 4(2) JORGE Pinto MENDONCA
13%
Peru, 1(1) Jose Navarro
13%
Tunisia, 2 Khaled Gasmi
13%
Tunisia, 0(1) Khermais Labidi
13%
Hungary, 1 Laszlo Balint
13%
Spain, 3 MARCELINO Perez Ayllon
13%
Tunisia, 3 Mohammed Ali Akid
13%
Iran, 3 Mohammed Sadeghi
13%
Tunisia, 3 Mohsen Labidi "JENDOUBI"
13%
Tunisia, 3/1 Mokhtar Dhouib
13%
Iran, 3 Nasrollah Abdollahi
13%
Iran, 3 Nasser Hejazi
13%
Tunisia, 3/1 Nejib Ghommidh
13%
France, 1(1) Olivier Rouyer
13%
Sweden, 1 Olle Nordin
13%
Mexico, 1(1) Pedro Soto
13%
Netherlands, 3 Piet Schrijvers
13%
Netherlands, 2(1) Piet Wildschut
13%
Mexico, 1 Rigoberto Cisneros
13%
West Germany, 3/1 Rüdiger Abramczik
13%
Tunisia, 0(1) Slah Karoui
13%
Tunisia, 3 Tarak Dhiab
13%
Tunisia, 3 Temime Lahzami
13%
Mexico, 3/1 Victor Rangel
13%
Austria, 6 Willi Kreuz
13%
Poland, 2 Zygmunt Kukla
13%
Austria, 0(1) Franz Oberacher
0%
Mexico, 0(2) Gerardo Lugo
0%
Austria, 0(1) Günther Happich
0%
Mexico, 1 Javier Cardenas
0%
Peru, 0(1) Raul Gorriti
0%
No matching quizzes found
Score Distribution
Percent of People with Each Score
Percentile by Number Answered
Your Score History
You have not taken this quiz